2022 Atlanta Braves Leaders - Statistics

General Stats
  • This quiz has been taken 66 times
  • The average score is 17 of 56
Answer Stats
Statistic Player % Correct
Youngest - 21 Grissom/Harris II
86%
G (Batting) - 162 Olson/Swanson
72%
PA - 699 Matt Olson
67%
SB - 29 Ronald Acuna Jr.
67%
AB - 640 Dansby Swanson
63%
H (Batting) - 177 Dansby Swanson
60%
CS - 11 Ronald Acuna Jr.
60%
HR (Batting) - 38 Austin Riley
58%
R (Batting) - 99 Dansby Swanson
58%
2B - 44 Matt Olson
58%
RBI - 103 Matt Olson
58%
BB (Batting) - 75 Matt Olson
53%
SO (Batting) - 182 Dansby Swanson
47%
W - 21 Kyle Wright
47%
3B - 3 Michael Harris II
47%
BA - .297 Michael Harris II
42%
OPS - .878 Austin Riley
40%
OPS + - 140 Austin Riley
40%
L - 7 Max Fried
40%
SLG - .528 Austin Riley
37%
TB - 325 Austin Riley
37%
GDP - 13 Olson/Riley
37%
SV - 41 Kenley Jansen
30%
IBB (Batting) - 6 Matt Olson
28%
HBP (Batting) - 17 Austin Riley
26%
H (Pitching) - 156 Fried/Wright
26%
G (Pitching) - 75 A.J. Minter
23%
R (Pitching) - 85 Charlie Morton
23%
ER - 83 Charlie Morton
23%
HR (Pitching) - 28 Charlie Morton
23%
BB (Pitching) - 63 Charlie Morton
23%
SO (Pitching) - 205 Charlie Morton
23%
IP - 185.1 Max Fried
23%
SF - 4 Albies/Olson/Ozuna/Riley/Swanson
21%
GS - 31 Charlie Morton
21%
HBP (Pitching) - 18 Charlie Morton
21%
ERA - 2.06 A.J. Minter
19%
Oldest - 39 Cano/O'Day
19%
SH - 1 Michael Harris II
14%
GF - 54 Kenley Jansen
12%
BF - 738 Kyle Wright
12%
WP - 9 Max Fried
12%
BB9 - 1.6 Max Fried
12%
OBP - .354 William Contreras
12%
CG - 1 Bryce Elder
9%
SHO - 1 Bryce Elder
9%
SO9 - 13.8 Spencer Strider
9%
ERA+ - 202 A.J. Minter
7%
WHIP - 0.914 A.J. Minter
7%
FIP - 1.83 Spencer Strider
7%
H9 - 5.9 Spencer Strider
7%
HR9 - 0.5 Stephens/Strider
7%
SO/W - 6.27 A.J. Minter
5%
IBB (Pitching) - 4 Jackson Stephens
5%
W-L% - .833 Dylan Lee
2%
BK - 2 Will Smith
2%
No matching quizzes found
Score Distribution
Percent of People with Each Score
Percentile by Number Answered
Your Score History
You have not taken this quiz